MARC details
| 000 -CABECERA |
| campo de control de longitud fija |
03678nam a2200337 a 4500 |
| 001 - NÚMERO DE CONTROL |
| campo de control |
000007696 |
| 003 - IDENTIFICADOR DEL NÚMERO DE CONTROL |
| campo de control |
DO-SdBNP |
| 005 - FECHA Y HORA DE LA ÚLTIMA TRANSACCIÓN |
| campo de control |
20250703114553.0 |
| 008 - DATOS DE LONGITUD FIJA--INFORMACIÓN GENERAL |
| campo de control de longitud fija |
090907s2007 dr a r 001 0 spa d |
| 020 ## - NÚMERO INTERNACIONAL ESTÁNDAR DEL LIBRO |
| Número Internacional Estándar del Libro |
9789945406481 |
| 040 ## - FUENTE DE LA CATALOGACIÓN |
| Centro catalogador/agencia de origen |
DO-SdBNP |
| Lengua de catalogación |
spa |
| Centro/agencia transcriptor |
BNPHU |
| 082 ## - NÚMERO DE LA CLASIFICACIÓN DECIMAL DEWEY |
| Número de clasificación |
378.7293 |
| Número de documento/Ítem |
F727h |
| 111 2# - ENTRADA PRINCIPAL--NOMBRE DE CONGRESO/REUNIÓN |
| Nombre de congreso/reunión o jurisdicción como elemento de entrada |
Foro presidencial por la excelencia de la educación |
| Fecha del congreso/reunión |
(2007 : |
| Sede del congreso/Lugar de la reunión |
Santo Domingo, República Dominicana) |
| 9 (RLIN) |
21343 |
| 245 10 - MENCIÓN DE TÍTULO |
| Título |
Hacia un plan decenal de la educación superior, la ciencia y la tecnología : |
| Resto del título |
síntesis de las mesas de trabajo de la educación superior, ciencia y tecnología 2007 / |
| Mención de responsabilidad, etc. |
síntesis elaborada por Lorenzo Guadamuz Sandoval ; revisión Ligia Amada Melo... [et al.] . |
| 260 ## - PUBLICACIÓN, DISTRIBUCIÓN, ETC. |
| Lugar de publicación, distribución, etc. |
Santo Domingo : |
| Nombre del editor, distribuidor, etc. |
Secretaría de Estado de Educación Superior, Ciencia y Tecnología, |
| Fecha de publicación, distribución, etc. |
2007. |
| 300 ## - DESCRIPCIÓN FÍSICA |
| Extensión |
110 p. : |
| Otras características físicas |
gráf. ; |
| Dimensiones |
28 cm. |
| 504 ## - NOTA DE BIBLIOGRAFÍA, ETC. |
| Nota de bibliografía, etc. |
Bibliografíca : p. 209-210 |
| 505 0# - NOTA DE CONTENIDO CON FORMATO |
| Título |
Reconocimiento -- |
| -- |
Introducción -- |
| -- |
El contexto del país y de la educación superior en la República Dominicana -- |
| -- |
Desarrollo económico y reformas educativas -- |
| -- |
Situación y perspectivas de la educación superior, la ciencia y la tecnología en contexto de la globalización, la sociedad del conocimiento y el TLC -- |
| -- |
Análisis de situación de la educación superior, la ciencia y la tecnología -- |
| -- |
Perspectiva de la educación superior, la ciencia y la tecnología -- |
| -- |
Líneas de acción, políticas y estrategias -- |
| -- |
Situación y perspectivas del uso de las tecnologías de la información y la comunicación en la educación superior -- |
| -- |
Análisis de la situación del uso de las tecnologías de la información y la comunicación en la educación superior -- |
| -- |
Perspectivas de desarrollo para el uso de las tecnologías de la información y la comunicación en la educación superior -- |
| -- |
Objetivos y líneas de acción para el desarrollo de las tecnologías de información y comunicación en la educación superior -- |
| -- |
Situación y perspectivas de los valores en la educación superior. La educación en la verdad -- |
| -- |
Análisis de situaciones de los valores en la educación superior -- |
| -- |
Perspectivas del área de valores en la educación superior -- |
| -- |
Objetivos y líneas de acción. Políticas y estrategias sobre valores en la educación superior -- |
| -- |
Objetivos y líneas de acción. Políticas y estrategias sobre valores en la educación superior -- |
| -- |
Situación y perspectivas de la administración de las instituciones de educación superior -- |
| -- |
Situación actual de tres áreas de la administración de las instituciones de educación superior (IES) -- |
| -- |
Perspectivas y líneas de acción de cuatro áreas de la administración de las instituciones de educación superior -- |
| -- |
Conclusiones generales -- |
| -- |
Bibliografía -- |
| -- |
Anexo 1 : Listado de las instituciones de educación superior de la Repúbli |
| 590 ## - NOTA LOCAL (RLIN) |
| Nota local |
Inventariado,2018/MFF |
| 650 #4 - PUNTO DE ACCESO ADICIONAL DE MATERIA--TÉRMINO DE MATERIA |
| Término de materia o nombre geográfico como elemento de entrada |
Educación superior |
| Subdivisión geográfica |
República Dominicana |
| Subdivisión general |
Congresos, conferencias, etc. |
| 9 (RLIN) |
9366 |
| 650 #4 - PUNTO DE ACCESO ADICIONAL DE MATERIA--TÉRMINO DE MATERIA |
| Término de materia o nombre geográfico como elemento de entrada |
Planificación educativa |
| Subdivisión geográfica |
República Dominicana |
| Subdivisión general |
Congresos, conferencias, etc. |
| 9 (RLIN) |
21344 |
| 650 #4 - PUNTO DE ACCESO ADICIONAL DE MATERIA--TÉRMINO DE MATERIA |
| Término de materia o nombre geográfico como elemento de entrada |
Calidad de la educación |
| Subdivisión geográfica |
República Dominicana |
| Subdivisión general |
Congresos, conferencias, etc. |
| 9 (RLIN) |
21345 |
| 650 #4 - PUNTO DE ACCESO ADICIONAL DE MATERIA--TÉRMINO DE MATERIA |
| Término de materia o nombre geográfico como elemento de entrada |
Tecnología educativa |
| Subdivisión general |
Congresos, conferencias, etc. |
| 9 (RLIN) |
17464 |
| 650 #4 - PUNTO DE ACCESO ADICIONAL DE MATERIA--TÉRMINO DE MATERIA |
| Término de materia o nombre geográfico como elemento de entrada |
Administración de sistemas de información |
| Subdivisión general |
Congresos, conferencias, etc. |
| 9 (RLIN) |
21346 |
| 650 #4 - PUNTO DE ACCESO ADICIONAL DE MATERIA--TÉRMINO DE MATERIA |
| Término de materia o nombre geográfico como elemento de entrada |
Enseñanza con ayuda de computadores |
| Subdivisión general |
Congresos, conferencias, etc. |
| 9 (RLIN) |
21347 |
| 650 #7 - PUNTO DE ACCESO ADICIONAL DE MATERIA--TÉRMINO DE MATERIA |
| Término de materia o nombre geográfico como elemento de entrada |
Educación y estado |
| Subdivisión geográfica |
República Dominicana |
| Subdivisión general |
Congresos, conferencias, etc. |
| 9 (RLIN) |
51256 |
| 700 12 - PUNTO DE ACCESO ADICIONAL--NOMBRE DE PERSONA |
| Nombre de persona |
Guadamuz Sandoval, Lorenzo |
| 9 (RLIN) |
17392 |
| 700 12 - PUNTO DE ACCESO ADICIONAL--NOMBRE DE PERSONA |
| Nombre de persona |
Melo, Ligia Amada |
| 9 (RLIN) |
21349 |
| 910 ## - DATOS DE OPCIÓN DEL USUARIO (OCLC) |
| Datos de opción del usuario |
Validado. Control de calidad. MMOLINA |
| 942 ## - ELEMENTOS DE PUNTO DE ACCESO ADICIONAL (KOHA) |
| Fuente del sistema de clasificación o colocación |
Dewey Decimal Classification |
| Tipo de ítem Koha |
Libro |